La economía española en la década de los 80. (Record no. 58929)
[ view plain ]
| 000 -LEADER | |
|---|---|
| campo de control de longitud fija | 00692nam a2200217 i 4500 |
| 001 - NÚMERO DE CONTROL | |
| campo de control | 58929 |
| 003 - IDENTIFICADOR DE NÚMERO DE CONTROL | |
| campo de control | ES-MaACL |
| 005 - FECHA Y HORA DE LA ÚLTIMA TRANSACCIÓN | |
| campo de control | 20230906163924.0 |
| 007 - CAMPO FIJO DE DESCRIPCIÓN FÍSICA--INFORMACIÓN GENERAL | |
| campo de control de longitud fija | t| |
| 008 - DATOS DE LONGITUD FIJA--INFORMACIÓN GENERAL | |
| campo de control de longitud fija | 031024s1982 sp ||||1| spa d |
| 245 03 - MENCIÓN DEL TÍTULO | |
| Título | La economía española en la década de los 80. |
| 250 ## - MENCION DE EDICION | |
| Mención de edición | [2ª ed., corr. y aum.]. |
| 260 ## - PUBLICACIÓN, DISTRIBUCIÓN, ETC. | |
| Lugar de publicación, distribución, etc. | [Madrid] : |
| Nombre del editor, distribuidor, etc. | Alianza, |
| Fecha de publicación, distribución, etc. | [1982] |
| 300 ## - DESCRIPCIÓN FÍSICA | |
| Extensión | 439 p. ; |
| Dimensiones | 23 cm. |
| 490 1# - MENCIÓN DE SERIE | |
| Mención de serie | Alianza universidad. Textos ; |
| Designación de volumen o secuencia | 44 |
| 500 ## - NOTA GENERAL | |
| Nota general | Precede al tít.: Servicio de Estudios del Banco Urquijo. |
| 710 2# - ENTRADA AGREGADA--NOMBRE DE ENTIDAD CORPORATIVA | |
| Nombre de entidad corporativa o nombre de jurisdicción como elemento de entrada | Banco Urquijo. |
| Unidad subordinada | Servicio de Estudios. |
| 9 (RLIN) | 2139 |
| 830 0# - PUNTO DE ACCESO ADICIONAL DE SERIE-TÍTULO UNIFORME | |
| Título uniforme | Alianza universidad. Textos ; |
| Designación de volumen o secuencia | 44 |
| 9 (RLIN) | 177885 |
| 852 ## - LOCALIZACIÓN | |
| Ubicación | ES-MaACL |
| Número de control de estantería | L-2460 |
| Sublocalización o colección | R.103287 |
| Estatus retirado | Estado de pérdida | Estado de daño | No para préstamo | Biblioteca de origen | Biblioteca actual | Ubicación en estantería | Fecha de adquisición | Fuente de adquisición | Total de préstamos | Signatura topográfica completa | Código de barras | Visto por última vez | Precio de reemplazo | Tipo de ítem Koha |
|---|---|---|---|---|---|---|---|---|---|---|---|---|---|---|
| Biblioteca del Ateneo de Madrid | Biblioteca del Ateneo de Madrid | Depósito 2 | 17/01/2008 | L-2460 | 1061817 | 23/02/2023 | 23/02/2023 | Libro impreso |
